Stadt zu Bundesland #3 - Statistiken

Allgemein
  • Dieses Quiz wurde 178 mal gespielt
  • Das Durchschnittsergebnis liegt bei 11 aus 13
Antwortstatistiken
Stadt Bundesland % Korrekt
Passau Bayern
91%
Hof Bayern
90%
Hanau Hessen
90%
Eisenach Thüringen
90%
Tübingen Baden-Württemberg
89%
Greifswald Mecklenburg-Vorpommern
89%
Friedrichshafen Baden-Württemberg
87%
Cloppenburg Niedersachsen
86%
Iserlohn Nordrhein-Westfalen
84%
Oranienburg Brandenburg
83%
Rheine Nordrhein-Westfalen
82%
Itzehoe Schleswig-Holstein
82%
Halberstadt Sachsen-Anhalt
75%
Keine übereinstimmenden Quizze gefunden
Verteilung der Resultate
Anzahl Personen mit jedem Resultat
Perzentil nach korrekt beantworteten Fragen
Ihre Resultats-Entwicklung
Sie haben dieses Quiz noch nicht gespielt